000 00731nam a2200229 a 4500
005 20151112140123.0
008 140317b1997 ck ||||| |||| 00| 0 spa d
040 _aCO-BoIAVH
_cCO-BoIAVH
041 _aspa
044 _ack
090 _aLB
_b04237
100 _aLozano Figueroa, Gerardo
_922203
245 _aDocumento base para la formulación de la Cooperativa dentro del Proyecto sobre investigación de especies forestales nativas - INSEFOR
260 _aBogotá
_bCONIF
_c1997
300 _a23 p.
650 _aReforestación
_941461
650 _aRecursos Genéticos
_941462
650 _aEspecies Forestales Nativas
_919406
700 _aRodríguez Romero, Javier
_921117
942 _cINFORME
_2z
945 _d2005-08-09
999 _c4741
_d4741